|
|
|
|
| LEADER |
00000nab a2200000 a 4500 |
| 001 |
vtls011118101 |
| 003 |
SK-MaSNL |
| 005 |
20260303145335.0 |
| 008 |
230222|2004 xo |||||||||||||||||slo| |
| 015 |
|
|
|a SNBRB
|
| 035 |
|
|
|a (uuid)7b6bbbd2-ee5f-4dc1-8e4e-9a2810e3de40
|
| 035 |
|
|
|a (urnnbn)urn:nbn:sk:snk:ar-a08mbb
|
| 035 |
|
|
|a urn:nbn:sk:snk-ab9odt
|
| 040 |
|
|
|a SNKBUCL
|b slo
|c SNKBUCL
|e AACR2
|
| 041 |
0 |
|
|a slo
|
| 044 |
|
|
|a xo
|c SK
|
| 100 |
1 |
|
|a Masnicová, Soňa,
|d 1970-
|4 aut
|9 209587
|
| 245 |
1 |
0 |
|a ZDRAVOTNÝ STAV CHRUPU STAROBRONZOVEJ POPULÁCIE Z RUMANOVEJ (OKR. NITRA)
|c Soňa Masnicová
|
| 773 |
0 |
|
|t Slovenská antropológia : bulletin Slovenskej antropologickej spoločnosti pri SAV
|g Roč. 7, č. 2 (2004), s. 37-40
|
| 954 |
|
|
|a odborná, vedecká literatúra pôvodná (slovenská)
|2 lita
|
| 958 |
|
|
|a OND
|
| 958 |
|
|
|a EUIPO
|
| 958 |
|
|
|a article13
|
| 999 |
|
|
|c 2002305
|d 2004235
|